000 00285nam a22001337a 4500
008 171226b xxu||||| |||| 00| 0 eng d
020 _a9780195419177
041 _aeng
080 _a32
100 _a19
101 _aPOL
245 _aHOW OTTAWA SPENDS
_cDOERN,G.B
942 _2udc
_cBK
999 _c39397
_d39397